Why is China growing so fast? (Record no. 61752)

MARC details
000 -LEADER
fixed length control field 00472nam a2200145 a 4500
008 - FIXED-LENGTH DATA ELEMENTS--GENERAL INFORMATION
fixed length control field 120416s1997 ||||||||||||||||| || u
020 ## - INTERNATIONAL STANDARD BOOK NUMBER
International Standard Book Number 1557756414
050 ## - LIBRARY OF CONGRESS CALL NUMBER
Classification number IMF(08)
100 ## - MAIN ENTRY--PERSONAL NAME
Personal name Hu, Zuliu
245 10 - TITLE STATEMENT
Title Why is China growing so fast?
260 ## - PUBLICATION, DISTRIBUTION, ETC.
Place of publication, distribution, etc. Washington, D.C.
Name of publisher, distributor, etc. IMF
Date of publication, distribution, etc. 1997
300 ## - PHYSICAL DESCRIPTION
Extent iii, 10p. : ill.
350 ## - PRICE (NR) (BK AM CF MU VM SE) [OBSOLETE]
Price 0.00
995 ## - RECOMMENDATION 995 [LOCAL, UNIMARC FRANCE]
-- 0.00
-- CBU-MAIN LIBRARY (Kitwe)
-- 1
-- 5.00
-- AVAILABLE
-- International Publications
Holdings
Withdrawn status Lost status Source of classification or shelving scheme Damaged status Not for loan Home library Current library Shelving location Date acquired Total Checkouts Full call number Barcode Date last seen Price effective from Koha item type
          CBU-MAIN LIBRARY, KITWE. CBU-MAIN LIBRARY, KITWE.   11/30/2022   IMF(08) 9019260 11/30/2022 11/30/2022 MONOGRAPH